| 000 | 00000nam##2200000za#4500 |
| 001 | 9.599654 |
| 003 | CaOODSP |
| 005 | 20240501092931 |
| 007 | cr ||||||||||| |
| 008 | 150406|2002||||xxc|||||o f|0| 0 fre|d |
| 040 | |aCaOODSP|bfre |
| 043 | |an-cn--- |
| 086 | 1 |aPS83-3/130F-PDF |
| 110 | 2 |aService correctionnel Canada. |
| 245 | 10|aÉtude sur les pavillons de ressourcement pour délinquants sous responsabilité fédérale au Canada / |h[ressource électronique]|c[par] Shelley Trevethan, Nicole Crutcher et Christopher Rastin. |
| 260 | |bService correctionnel Canada |cnovembre 2002. |
| 300 | |a132p.|bgraphiques, références, tableaux, photographies |
| 490 | 1 |aRapport de recherche|vR-130 |
| 590 | |a10-14-Supp|b2010-12-03 |
| 720 | 1 |aTrevethan, Shelley |
| 720 | 1 |aCrutcher, Nicole |
| 720 | 1 |aRastin, Christopher J. |
| 775 | 08|tAn examination of healing lodges for federal offenders in Canada / |w(CaOODSP)9.568365 |
| 830 | #0|aRapport de recherche (Service correctionnel Canada. Direction de la recherche)|vR-130|w(CaOODSP)9.502465 |
| 856 | 40|ahttp://publications.gc.ca|qPDF|s656 Ko|uhttps://publications.gc.ca/collections/collection_2010/scc-csc/PS83-3-130-fra.pdf|yR-130 |